Quick Pick: 10 Capitals of Africa Quiz Stats

Quiz not verified by Sporcle

Challenge
Share
Tweet
Embed
Score 0/10 Timer 01:00
0 Plays Today
% Correct
Khartoum
94.8%
Conakry
83.1%
Bujumbura
82.3%
Asmara
82.3%
Lilongwe
81.9%
Maputo
80.7%
Niamey
80.7%
Banjul
79.9%
Lusaka
79.9%
Maseru
74.3%

You're not logged in!

Compare scores with friends on all Sporcle quizzes.
Sign Up with Email
OR
Log In

You Might Also Like...

Show Comments

Extras

Top Quizzes Today


Score Distribution

Your Account Isn't Verified!

In order to create a playlist on Sporcle, you need to verify the email address you used during registration. Go to your Sporcle Settings to finish the process.

Report this User

Report this user for behavior that violates our Community Guidelines.

Details: